000
00316nam a22001337a 4500
008
170602b xxu||||| |||| 00| 0 eng d
020
_a
9780231081832
041
_a
eng
080
_a
93
100
_a
17
101
_a
SHH
245
_a
BETWEEN TWO ARMIES IN THE IXIL TOWEN OF GUATEMALA
_c
STOLL, D
942
_2
udc
_c
BK
999
_c
15626
_d
15626